[Event "Ì15Ï"]
[Site "Loo"]
[Date "2017.04.23"]
[Round "4.24"]
[White "Ñàäîâíèêîâ, Êîíñòàíòèí."]
[Black "Áóíèàòÿí, Äàâèä."]
[Result "1/2-1/2"]
[WhiteElo "1826"]
[BlackElo "1648"]
[PlyCount "81"]
[EventDate "2017.04.20"]

1. e4 c5 2. Nc3 Nc6 3. g3 g6 4. Bg2 Bg7 5. d3 d6 6. f4 e5 7. Nf3 Nge7 8. O-O
O-O 9. Nd5 Nxd5 10. exd5 Ne7 11. fxe5 Nxd5 12. Bg5 Qb6 13. Nd2 Be6 14. Nc4 Qa6
15. exd6 b5 16. Ne3 Nxe3 17. Bxe3 Rac8 18. c3 Qxd6 19. d4 cxd4 20. Bxd4 Bxd4+
21. Qxd4 Qxd4+ 22. cxd4 Rc2 23. Rf2 Rfc8 24. Be4 Rc1+ 25. Rf1 Rxa1 26. Rxa1 f5
27. Bd3 b4 28. Kf2 Kf7 29. a3 b3 30. Ke3 a5 31. Kd2 Rd8 32. Ke3 Rc8 33. Re1 Kf6
34. Bb1 Bd5 35. Kd2 Rc4 36. Kd3 Rc8 37. Kd2 Rc4 38. Kd3 Rc8 39. Kd2 Rc4 40. Kd3
Rc8 41. Kd2 1/2-1/2

[Event "Ì15Ï"]
[Site "Loo"]
[Date "2017.04.23"]
[Round "4.25"]
[White "Ãàãëàçîâ, Ìèõàèë."]
[Black "Áóþêëè, Åãîð."]
[Result "1-0"]
[WhiteElo "1550"]
[BlackElo "1823"]
[PlyCount "65"]
[EventDate "2017.04.20"]

1. e4 e6 2. d4 d5 3. Nc3 Nf6 4. Bg5 Be7 5. e5 Nfd7 6. h4 Bxg5 7. hxg5 Qxg5 8.
Qd3 h6 9. Nf3 Qe7 10. O-O-O a6 11. Be2 c5 12. Qe3 Nc6 13. dxc5 Qxc5 14. Qf4 b5
15. Bd3 Bb7 16. Ne2 Qe7 17. Ned4 O-O-O 18. a4 Nxd4 19. Qxd4 b4 20. b3 Kb8 21.
Kb1 a5 22. Qe3 Rhf8 23. Nd4 Qc5 24. Bb5 Qc7 25. Bxd7 Qxd7 26. Nb5 Ba6 27. Qb6+
Qb7 28. Qxa5 Bxb5 29. axb5 Qc7 30. b6 Qxe5 31. Qa7+ Kc8 32. b7+ Kd7 33. b8=Q+
1-0

[Event "Ì15Ï"]
[Site "Loo"]
[Date "2017.04.23"]
[Round "4.26"]
[White "Ãåéí, Âëàäèìèð."]
[Black "Áåëîâ, Êèðèëë."]
[Result "0-1"]
[WhiteElo "1822"]
[BlackElo "1615"]
[PlyCount "112"]
[EventDate "2017.04.20"]

1. d4 Nf6 2. c4 c5 3. d5 b5 4. cxb5 a6 5. e3 axb5 6. Bxb5 Bb7 7. Nc3 e6 8. Bc4
Na6 9. Nf3 Nc7 10. dxe6 fxe6 11. O-O Be7 12. Bd3 d5 13. b3 O-O 14. Qc2 Bd6 15.
e4 Ng4 16. h3 Rxf3 17. gxf3 Nh2 18. f4 Nxf1 19. Kxf1 Qh4 20. Ne2 Qxh3+ 21. Kg1
d4 22. Ng3 Rf8 23. Bf1 Qg4 24. e5 Be7 25. Bg2 Bxg2 26. Kxg2 Nd5 27. Bd2 Nxf4+
28. Bxf4 Qxf4 29. Rf1 Bh4 30. Qd3 Qxe5 31. Rh1 Bxg3 32. Qxh7+ Kf7 33. fxg3 Qe2+
34. Kh3 d3 35. Qh4 d2 36. Qf4+ Kg8 37. Qd6 Qh5+ 38. Kg2 Qxh1+ 39. Kxh1 Rf1+ 40.
Kg2 d1=Q 41. Qxe6+ Rf7 42. Qc8+ Kh7 43. Qh3+ Kg6 44. Qe6+ Rf6 45. Qe8+ Kf5 46.
Qc8+ Ke4 47. Qe8+ Kd3 48. Qb5+ Kd2 49. Qa5+ Kc1 50. Qxc5+ Qc2+ 51. Qxc2+ Kxc2
52. b4 Ra6 53. Kf3 Rxa2 54. Ke4 Ra4 55. Kf5 Rxb4 56. g4 Rb6 0-1

[Event "Ì15Ï"]
[Site "Loo"]
[Date "2017.04.23"]
[Round "4.27"]
[White "Êàðàâàåâ, Àëåêñàíäð."]
[Black "Îæåãîâ, Åãîð."]
[Result "1-0"]
[WhiteElo "1794"]
[BlackElo "1632"]
[PlyCount "61"]
[EventDate "2017.04.20"]

1. e4 d5 2. exd5 Nf6 3. c4 c6 4. dxc6 Nxc6 5. Nf3 e5 6. d3 Bc5 7. Be2 O-O 8.
O-O Bf5 9. Nc3 h6 10. a3 a5 11. h3 Qe7 12. Be3 Rad8 13. Na4 Bd4 14. Qb3 Bxe3
15. fxe3 Bxd3 16. Bxd3 e4 17. Be2 exf3 18. Bxf3 Rfe8 19. Rfe1 Ne5 20. Bd5 Nxd5
21. cxd5 Qg5 22. e4 b5 23. Nc5 Rc8 24. Rac1 a4 25. Qc3 Nc4 26. Qd4 Nd2 27. Rc3
Re7 28. d6 Ra7 29. Rd1 Rxc5 30. Qxc5 Nf3+ 31. Kh1 1-0

[Event "Ì15Ï"]
[Site "Loo"]
[Date "2017.04.23"]
[Round "4.28"]
[White "Èâàíîâ, Èëüÿ."]
[Black "Íîâèêîâ, Ðîìàí."]
[Result "1-0"]
[WhiteElo "1498"]
[BlackElo "1781"]
[PlyCount "105"]
[EventDate "2017.04.20"]

1. d4 d5 2. c4 dxc4 3. e3 c5 4. Nf3 e6 5. Bxc4 Nf6 6. O-O Be7 7. dxc5 Qxd1 8.
Rxd1 Bxc5 9. b3 O-O 10. Bb2 Bd7 11. Nbd2 Be7 12. Ne5 Bc6 13. Nxc6 Nxc6 14. Nf3
Rad8 15. Nd4 Na5 16. Be2 Nd5 17. Bg4 Nf6 18. Bf3 Nd5 19. Bg4 Bf6 20. Rab1 Rfe8
21. e4 Nb4 22. a3 Nbc6 23. Nxc6 Rxd1+ 24. Rxd1 Nxc6 25. Bxf6 gxf6 26. Be2 Re7
27. Bb5 Rc7 28. Rc1 Kf8 29. Bxc6 bxc6 30. Kf1 Ke7 31. Ke2 Kd6 32. Rc3 e5 33.
Rh3 Rb7 34. Rxh7 a5 35. Rh3 Rb8 36. Rf3 Ke6 37. h4 Rd8 38. h5 Rg8 39. Rg3 Rh8
40. Rh3 f5 41. exf5+ Kxf5 42. h6 Rh7 43. Kd3 Ke6 44. Kc4 Kd6 45. b4 axb4 46.
Kxb4 f5 47. a4 c5+ 48. Kb5 Kd5 49. a5 c4 50. a6 c3 51. Rxc3 Rxh6 52. a7 Rh8 53.
Ra3 1-0

[Event "Ì15Ï"]
[Site "Loo"]
[Date "2017.04.23"]
[Round "4.29"]
[White "Áóêàòèí, Àðñåíèé."]
[Black "Òîëñòûõ, Äìèòðèé."]
[Result "1-0"]
[WhiteElo "1772"]
[BlackElo "1569"]
[PlyCount "117"]
[EventDate "2017.04.20"]

1. e4 c5 2. Nf3 Nc6 3. d4 cxd4 4. Nxd4 e6 5. Nc3 Qc7 6. Be2 Bb4 7. Be3 a6 8. f4
Nf6 9. Bf3 d5 10. e5 Nxd4 11. Qxd4 Bxc3+ 12. Qxc3 Qxc3+ 13. bxc3 Nd7 14. c4
dxc4 15. O-O-O Rb8 16. Rd6 b5 17. Ba7 Rb7 18. Bxb7 Bxb7 19. Rhd1 Bd5 20. Rxa6
Ke7 21. g3 Ra8 22. Rxd5 exd5 23. Bc5+ Nxc5 24. Rxa8 Ne4 25. Rb8 Nc3 26. Kd2 d4
27. Rb6 g6 28. Ke1 h5 29. Rd6 d3 30. cxd3 cxd3 31. Rxd3 Nxa2 32. Kd2 Ke6 33.
Rd6+ Ke7 34. Rb6 b4 35. Kc2 Nc3 36. Rxb4 Nd5 37. Rb7+ Ke6 38. Kd3 f6 39. Kd4
fxe5+ 40. fxe5 Ne7 41. Rxe7+ Kxe7 42. Kd5 g5 43. h3 g4 44. h4 Kd7 45. e6+ Ke8
46. Ke5 Ke7 47. Kf5 Ke8 48. Kg5 Ke7 49. Kxh5 Kxe6 50. Kxg4 Kf6 51. h5 Kg7 52.
Kg5 Kh7 53. g4 Kg7 54. Kf5 Kh7 55. g5 Kg7 56. g6 Kh8 57. Kf6 Kg8 58. g7 Kh7 59.
Kf7 1-0

[Event "Ì15Ï"]
[Site "Loo"]
[Date "2017.04.23"]
[Round "4.30"]
[White "Ðîìàíîâ, Àëüàìèí."]
[Black "Êðàâöîâ, Ìàêñèì."]
[Result "0-1"]
[WhiteElo "1495"]
[BlackElo "1766"]
[PlyCount "81"]
[EventDate "2017.04.20"]

1. Nf3 Nf6 2. g3 g6 3. Bg2 Bg7 4. d4 d5 5. Bf4 O-O 6. Qd2 Ne4 7. Qe3 c5 8. c3
Qb6 9. b3 Nc6 10. Be5 f6 11. dxc5 Qd8 12. Bf4 g5 13. Bxg5 fxg5 14. Nxg5 Nxg5
15. Qxg5 e5 16. Qd2 Be6 17. O-O a5 18. Na3 Ne7 19. Nc2 Qc7 20. b4 e4 21. Nd4
Bd7 22. a3 b6 23. cxb6 Qxb6 24. e3 Nc6 25. Nb3 Be6 26. Nc5 Bf7 27. Nd7 Qc7 28.
Nxf8 Rxf8 29. Rfc1 Ne5 30. Rc2 Qd7 31. Rd1 Nf3+ 32. Bxf3 exf3 33. Qe1 Rc8 34.
c4 Qh3 35. Qf1 Qxf1+ 36. Kxf1 dxc4 37. Rcd2 Bf6 38. Rd6 Kg7 39. Rd7 c3 40. Rc1
c2 41. Rd2 0-1

[Event "Ì15Ï"]
[Site "Loo"]
[Date "2017.04.23"]
[Round "4.31"]
[White "Èñìàèëîâ, Àìèð."]
[Black "Áàáàÿí, Àðìàí."]
[Result "1-0"]
[WhiteElo "1893"]
[BlackElo "1531"]
[PlyCount "41"]
[EventDate "2017.04.20"]

1. e4 d6 2. Nc3 Nf6 3. f4 g6 4. Bc4 Bg7 5. Nf3 O-O 6. O-O c6 7. Bb3 b5 8. e5
dxe5 9. fxe5 Nd5 10. d4 Nxc3 11. bxc3 e6 12. Ba3 Re8 13. Nd2 a5 14. Qf3 Qd7 15.
Ne4 a4 16. Nf6+ Bxf6 17. exf6 h6 18. Qh3 Kh7 19. Bc1 Rh8 20. Qxh6+ Kg8 21. Qg7#
1-0

[Event "Ì15Ï"]
[Site "Loo"]
[Date "2017.04.23"]
[Round "4.32"]
[White "Ãàãàðèí, Âàñèëèé."]
[Black "Àéðàïåòÿí, Òèãðàí."]
[Result "1/2-1/2"]
[WhiteElo "1956"]
[BlackElo "1683"]
[PlyCount "80"]
[EventDate "2017.04.20"]

1. Nf3 d5 2. b3 Nf6 3. Bb2 e6 4. e3 Be7 5. d4 O-O 6. Bd3 b6 7. O-O Bb7 8. Ne5
Nbd7 9. f4 Ne4 10. Nd2 f6 11. Nxd7 Qxd7 12. Nxe4 dxe4 13. Bc4 b5 14. Be2 Rfd8
15. Qd2 c5 16. Qa5 a6 17. Rfd1 Qc6 18. c4 b4 19. dxc5 Rxd1+ 20. Rxd1 Qxc5 21.
Qxc5 Bxc5 22. Kf2 Bc6 23. Bd4 Be7 24. g4 f5 25. g5 a5 26. h4 a4 27. Ra1 axb3
28. axb3 Rxa1 29. Bxa1 h6 30. Bh5 hxg5 31. hxg5 Kh7 32. Bf7 Bd7 33. g6+ Kh6 34.
Bd4 Bh4+ 35. Kg2 Be7 36. Kg3 Bf8 37. Bb6 Be7 38. Ba7 Bf8 39. Bd4 Be7 40. Bb6
Kh5 1/2-1/2

[Event "Ì15Ï"]
[Site "Loo"]
[Date "2017.04.23"]
[Round "4.33"]
[White "Ñòÿæêèí, Íèêèòà."]
[Black "Ãàëè÷êèí, Èëüÿ."]
[Result "1/2-1/2"]
[WhiteElo "1703"]
[BlackElo "1851"]
[PlyCount "154"]
[EventDate "2017.04.20"]

1. e4 e6 2. b3 d5 3. Bb2 Nf6 4. e5 Nfd7 5. Qg4 c5 6. Nf3 Nc6 7. Bb5 g6 8. O-O
Bg7 9. Re1 O-O 10. d3 Nb4 11. Re2 a6 12. c3 Nc6 13. Bxc6 bxc6 14. Nbd2 a5 15.
d4 Ba6 16. c4 cxd4 17. Nxd4 c5 18. Nxe6 fxe6 19. Qxe6+ Kh8 20. Qxd5 Qc7 21.
Rae1 Bb7 22. Qd3 Rae8 23. Qg3 Re6 24. f4 Rf5 25. Ne4 Bxe4 26. Rxe4 Nb8 27. Rd1
Re7 28. Rd5 Na6 29. a3 Rf8 30. Bc3 Rb8 31. Qd3 Rf8 32. Rd6 Nb8 33. Qd5 Rd7 34.
g3 Qb7 35. Qxb7 Rxb7 36. Bxa5 Rxb3 37. Bb6 Na6 38. e6 Kg8 39. Ba5 Nb8 40. a4
Ra3 41. Bc7 Rxa4 42. e7 Re8 43. Bxb8 Bd4+ 44. Kg2 Rxc4 45. Re2 Kf7 46. Rd7 Rb4
47. Bd6 Rb3 48. Rc2 Re3 49. Bxc5 Bxc5 50. Rxc5 R8xe7 51. Rcc7 Rxd7 52. Rxd7+
Kg8 53. Kf2 Ra3 54. Re7 Rb3 55. h3 h6 56. Re3 Rb2+ 57. Kf3 Kf7 58. Kg4 Rb5 59.
Ra3 Rb6 60. Ra5 Kf6 61. Kh4 Rc6 62. g4 Rc4 63. f5 gxf5 64. Rxf5+ Kg6 65. Ra5
Rc3 66. Ra6+ Kg7 67. Ra2 Kg6 68. Rg2 Rb3 69. Rg3 Rb5 70. Ra3 Rc5 71. Kg3 Rb5
72. Ra6+ Kg7 73. Ra3 Kg6 74. h4 Rb6 75. Ra4 Kg7 76. g5 hxg5 77. hxg5 Rb1
1/2-1/2

[Event "Ì15Ï"]
[Site "Loo"]
[Date "2017.04.23"]
[Round "4.34"]
[White "Áîéêî, Èãîðü."]
[Black "Êîïòåâ, Ðóñëàí."]
[Result "0-1"]
[WhiteElo "1649"]
[BlackElo "1814"]
[PlyCount "80"]
[EventDate "2017.04.20"]

1. c4 Nf6 2. Nc3 c5 3. g3 d5 4. cxd5 Nxd5 5. Bg2 Nxc3 6. bxc3 Nc6 7. Nf3 g6 8.
O-O Bg7 9. Ba3 Qa5 10. Bb2 O-O 11. e4 Bg4 12. Qb3 Rac8 13. h3 Be6 14. Qc2 Rfd8
15. Rfd1 h6 16. d3 b5 17. Kh2 Rc7 18. Ne1 b4 19. c4 Nd4 20. Bxd4 Bxd4 21. Rab1
Rcd7 22. f4 f5 23. exf5 gxf5 24. Qe2 Rd6 25. g4 Ra6 26. Rd2 Bc3 27. Rc2 Qc7 28.
Kg3 fxg4 29. hxg4 Rf8 30. Qe4 Rxf4 31. Qg6+ Bg7 32. Kh3 Bxg4+ 33. Qxg4 Rxg4 34.
Kxg4 Rg6+ 35. Kf3 Qg3+ 36. Ke2 Re6+ 37. Be4 Rf6 38. Bf3 Rxf3 39. Nxf3 Qg2+ 40.
Kd1 Qxf3+ 0-1

[Event "Ì15Ï"]
[Site "Loo"]
[Date "2017.04.23"]
[Round "4.35"]
[White "Íîâèêîâ, Èâàí."]
[Black "Èâëåâ, Àëåêñàíäð."]
[Result "1/2-1/2"]
[WhiteElo "1649"]
[BlackElo "1778"]
[PlyCount "96"]
[EventDate "2017.04.20"]

1. Nf3 Nf6 2. g3 b6 3. Bg2 Bb7 4. O-O e6 5. c4 Be7 6. d4 O-O 7. Nc3 d5 8. cxd5
exd5 9. Ne5 Nbd7 10. Qa4 Nxe5 11. dxe5 Nd7 12. Nxd5 Nc5 13. Nxe7+ Qxe7 14. Qd1
Rad8 15. Qc2 Bxg2 16. Kxg2 Rfe8 17. f4 f6 18. b4 Nd7 19. Qxc7 fxe5 20. Qc4+ Kh8
21. f5 Rc8 22. Qb3 Nf6 23. Bg5 Qb7+ 24. Qf3 e4 25. Qb3 Rc7 26. Bxf6 gxf6 27. e3
Rec8 28. Rad1 Rc4 29. Rd6 Qe7 30. Rfd1 R8c7 31. Qa4 Rc2+ 32. R6d2 Rxd2+ 33.
Rxd2 Kg7 34. a3 Kh6 35. Qb3 Qe5 36. Qe6 Re7 37. Qd6 Rf7 38. Qxe5 fxe5 39. g4
Kg5 40. Kg3 h5 41. h4+ Kf6 42. g5+ Ke7 43. f6+ Ke6 44. Rd8 Rc7 45. Re8+ Kf7 46.
Re7+ Rxe7 47. fxe7 Kxe7 48. Kf2 b5 1/2-1/2

[Event "Ì15Ï"]
[Site "Loo"]
[Date "2017.04.23"]
[Round "4.36"]
[White "Æóðàâëåâ, Èãíàò."]
[Black "Äàíçàíäîðæèåâ, Áóëàò."]
[Result "1-0"]
[WhiteElo "1638"]
[BlackElo "1754"]
[PlyCount "135"]
[EventDate "2017.04.20"]

1. e4 c5 2. Nf3 e6 3. d4 cxd4 4. Nxd4 a6 5. Nc3 Qc7 6. Be2 Nf6 7. Bd2 Nc6 8.
Nb3 Be7 9. a4 O-O 10. O-O b6 11. f4 d6 12. Bd3 Bb7 13. Qf3 Nb4 14. Rfe1 d5 15.
exd5 Nxd3 16. Qxd3 Nxd5 17. Qg3 Bf6 18. Nxd5 Bxd5 19. Bc3 Bxc3 20. bxc3 Rfc8
21. Re3 b5 22. Nd4 Qc4 23. axb5 axb5 24. Rb1 f5 25. Nxb5 Rcb8 26. Na3 Qa2 27.
Rxb8+ Rxb8 28. c4 Bxc4 29. Nxc4 Qxc4 30. Qf2 Kf7 31. Re1 Rd8 32. h3 Rd4 33. g3
Qc3 34. Qe3 Qc4 35. Qf2 h6 36. Qe2 Qd5 37. Qe5 Qc4 38. Qe2 Qc6 39. Qf2 Rc4 40.
Re2 Rc3 41. Qg2 Qc5+ 42. Kh2 g5 43. Qb7+ Kf6 44. Qd7 Qc6 45. Rxe6+ Qxe6 46.
Qd4+ Kg6 47. Qxc3 Qe2+ 48. Kg1 Qe4 49. Qd2 gxf4 50. gxf4 Kh5 51. Kh2 Qf3 52. c4
Qc6 53. Qe2+ Kh4 54. Qe7+ Kh5 55. Qf7+ Kh4 56. Qxf5 Qf3 57. Qf6+ Kh5 58. Qf5+
Kh4 59. Qg4+ Qxg4 60. hxg4 Kxg4 61. c5 Kf5 62. Kg3 Ke6 63. Kg4 Kd5 64. Kh5 Kxc5
65. Kxh6 Kd6 66. Kg6 Ke7 67. f5 Kf8 68. Kf6 1-0

[Event "Ì15Ï"]
[Site "Loo"]
[Date "2017.04.23"]
[Round "4.37"]
[White "Ìàðóñîâ, Àëåêñåé."]
[Black "Ùåïåòîâ, Ìàêñèì."]
[Result "0-1"]
[WhiteElo "1752"]
[BlackElo "1600"]
[PlyCount "78"]
[EventDate "2017.04.20"]

1. d4 Nf6 2. Nf3 g6 3. Nbd2 d5 4. e3 Bg7 5. b4 O-O 6. Be2 Nbd7 7. O-O Ne4 8. c4
Nc3 9. Qe1 Nxe2+ 10. Qxe2 c6 11. Bb2 Re8 12. b5 e5 13. cxd5 cxd5 14. dxe5 Nxe5
15. Nxe5 Bxe5 16. Bxe5 Rxe5 17. Nf3 Bg4 18. Qb2 Rh5 19. Ne5 Qh4 20. Nxg4 Qxg4
21. Rfd1 Qe6 22. Rd2 Rc8 23. Rad1 Rc4 24. Rd4 Qe5 25. h3 Rh4 26. R1d2 Rhxd4 27.
Rxd4 Qf5 28. Rd2 Qe4 29. a3 b6 30. Kh2 Rc5 31. Rd4 Qe5+ 32. g3 Qf5 33. Rd2 Qe4
34. h4 Qc4 35. e4 Rxb5 36. Qe5 Qxe4 37. Qb8+ Kg7 38. Qxa7 Rb1 39. f3 Qe1 0-1

[Event "Ì15Ï"]
[Site "Loo"]
[Date "2017.04.23"]
[Round "4.38"]
[White "Èãíàòåíêî, Àðòóð."]
[Black "Ëèñèìåíêî, Ðóñëàí."]
[Result "0-1"]
[WhiteElo "1621"]
[BlackElo "1733"]
[PlyCount "84"]
[EventDate "2017.04.20"]

1. d4 Nf6 2. c4 g6 3. Nc3 d5 4. Nf3 Bg7 5. e3 O-O 6. cxd5 Nxd5 7. Bc4 Nxc3 8.
bxc3 b6 9. O-O Bb7 10. Re1 Nd7 11. e4 Nf6 12. Nd2 Qd7 13. e5 Qc6 14. f3 Nd5 15.
Qb3 e6 16. Ne4 a6 17. a4 h6 18. Ba3 Rfe8 19. Rac1 Rad8 20. Bf1 Ne7 21. Red1 Qd7
22. Bxe7 Qxe7 23. a5 Bd5 24. c4 Bxe4 25. fxe4 bxa5 26. Ra1 c5 27. Qb6 cxd4 28.
Rxa5 Qg5 29. Qc5 Qe3+ 30. Kh1 Qxe4 31. Qb4 Rb8 32. Qc5 Red8 33. Ra3 Rb1 34. Ra1
Rxa1 35. Rxa1 Bxe5 36. Qa5 Rb8 37. h3 Qf4 38. Kg1 Rb2 39. Be2 Rxe2 40. Qd8+ Kg7
41. Qa8 Qf2+ 42. Kh1 Re1+ 0-1

[Event "Ì15Ï"]
[Site "Loo"]
[Date "2017.04.23"]
[Round "4.39"]
[White "Áàëàøîâ, Åãîð."]
[Black "Øêðåáêî, Ìèõàèë."]
[Result "1-0"]
[WhiteElo "1729"]
[BlackElo "1468"]
[PlyCount "75"]
[EventDate "2017.04.20"]

1. d4 d5 2. c4 c6 3. Nf3 Nf6 4. Qc2 e6 5. Nbd2 Nbd7 6. g3 Be7 7. Bg2 O-O 8. O-O
b6 9. e4 Bb7 10. Rd1 Rc8 11. e5 Ne8 12. cxd5 cxd5 13. Qa4 a5 14. Bf1 Nb8 15. a3
Qd7 16. Qxd7 Nxd7 17. Nb1 f6 18. Bh3 f5 19. Nc3 Ba6 20. g4 g6 21. Ng5 Ng7 22.
gxf5 gxf5 23. Bg2 h6 24. Nh3 Kh7 25. Nf4 Bg5 26. Bf3 Bxf4 27. Bxf4 Rg8 28. Kh1
Nf8 29. Rg1 Ng6 30. Bd2 Rc4 31. Nxd5 exd5 32. Bxd5 Rxd4 33. Bxg8+ Kxg8 34. Rxg6
Rxd2 35. Rxb6 Bc4 36. Rc1 Rd4 37. h3 Re4 38. Kh2 1-0

[Event "Ì15Ï"]
[Site "Loo"]
[Date "2017.04.23"]
[Round "4.40"]
[White "Êðèâè÷, Èëüÿ."]
[Black "Äçàãîâ, Êàìáóëàò."]
[Result "1-0"]
[WhiteElo "1546"]
[BlackElo "1727"]
[PlyCount "47"]
[EventDate "2017.04.20"]

1. e4 d5 2. exd5 Qxd5 3. Nc3 Qa5 4. d4 Nf6 5. Be3 Nc6 6. a3 Bg4 7. Qc1 Ne4 8.
Bd2 Nxd2 9. Qxd2 O-O-O 10. d5 e6 11. f3 Bf5 12. g4 Bg6 13. O-O-O Nb4 14. axb4
Bxb4 15. Qe3 Bxc3 16. Qxc3 Qa1+ 17. Kd2 Rxd5+ 18. Bd3 Qa6 19. Ke2 Qd6 20. Qxg7
Re5+ 21. Be4 Rxe4+ 22. fxe4 Qa6+ 23. Kf2 Re8 24. Qd4 1-0

[Event "Ì15Ï"]
[Site "Loo"]
[Date "2017.04.23"]
[Round "4.41"]
[White "Çàêèðîâ, Àðòóð."]
[Black "Ùåïåòíîâ, Åãîð."]
[Result "1/2-1/2"]
[WhiteElo "1619"]
[BlackElo "1711"]
[PlyCount "81"]
[EventDate "2017.04.20"]

1. e4 e6 2. d4 d5 3. Nc3 dxe4 4. Nxe4 Be7 5. Bd3 Nd7 6. Nf3 Ngf6 7. O-O O-O 8.
Ne5 Nxe4 9. Bxe4 Nf6 10. Bd3 c5 11. dxc5 Qc7 12. Bf4 Qxc5 13. Re1 Qb4 14. Qf3
Qxb2 15. g4 Nd5 16. Qe4 f5 17. gxf5 Rxf5 18. Bg3 Bf6 19. Qa4 b5 20. Qxb5 Qxb5
21. Bxb5 Bxe5 22. Bxe5 a6 23. Bc6 Ra7 24. Rab1 Bd7 25. Bb8 Bxc6 26. Bxa7 Rg5+
27. Kf1 Bb5+ 28. Rxb5 axb5 29. Rxe6 Nb4 30. c3 Nxa2 31. Bd4 Rh5 32. Re5 Rxe5
33. Bxe5 Nc1 34. Bd6 Na2 35. Be5 Nc1 36. Bc7 Kf7 37. Ke1 Nd3+ 38. Kd2 Nc5 39.
Ke3 Ke6 40. Kd4 Nb3+ 41. Ke4 1/2-1/2

[Event "Ì15Ï"]
[Site "Loo"]
[Date "2017.04.23"]
[Round "4.42"]
[White "Áðàò÷èêîâ, Âëàäèñëàâ."]
[Black "Äÿòëîâ, Îëåã."]
[Result "1-0"]
[WhiteElo "1894"]
[BlackElo "1549"]
[PlyCount "69"]
[EventDate "2017.04.20"]

1. e4 c6 2. d4 d5 3. e5 Bf5 4. g4 Bd7 5. c4 e6 6. Nc3 Ne7 7. Nf3 Na6 8. c5 Nc7
9. b4 b5 10. a4 a6 11. h4 h5 12. Bg5 Qb8 13. Bd3 hxg4 14. Nh2 Nf5 15. Qxg4 g6
16. Bf6 Bg7 17. Bxg7 Nxg7 18. Qf4 Nh5 19. Qf3 bxa4 20. Rxa4 Nb5 21. Ne2 Nxd4
22. Nxd4 Qxe5+ 23. Ne2 Qb2 24. O-O Nf6 25. Qf4 Nh5 26. Qe3 Qf6 27. Nf3 Ng7 28.
Nf4 O-O 29. Ne5 Rfd8 30. Ng2 Bc8 31. Ng4 Qe7 32. Qe5 Nh5 33. Nh6+ Kh7 34. Qxh5
Kg7 35. Qe5+ 1-0

[Event "Ì15Ï"]
[Site "Loo"]
[Date "2017.04.23"]
[Round "4.43"]
[White "Êóçíåöîâ, Ñåðãåé."]
[Black "Òðàùåíêî, Äàìèð."]
[Result "1-0"]
[WhiteElo "1517"]
[BlackElo "1805"]
[PlyCount "117"]
[EventDate "2017.04.20"]

1. e4 c5 2. Nf3 Nc6 3. d4 cxd4 4. Nxd4 Nf6 5. Nc3 g6 6. f3 Bg7 7. Be3 O-O 8.
Qd2 d5 9. Nxc6 bxc6 10. e5 Ne8 11. f4 f6 12. exf6 Nxf6 13. Be2 Re8 14. O-O Qc7
15. Bd4 Bf5 16. Kh1 Ne4 17. Nxe4 Bxe4 18. Bxg7 Kxg7 19. Bd3 Bxd3 20. Qxd3 e5
21. Qc3 d4 22. Qc4 c5 23. Rad1 Rac8 24. fxe5 Rxe5 25. c3 Re4 26. h3 Qd7 27. b4
Qe6 28. Qxe6 Rxe6 29. cxd4 cxb4 30. Rd2 Rd6 31. Rb1 a5 32. Kg1 Rc4 33. d5 Rc5
34. Rbd1 Kf6 35. Rf2+ Ke7 36. Rfd2 Kd7 37. Kf2 Kc7 38. Ke3 Kb6 39. Ke4 Rc8 40.
Ke5 Rcd8 41. Rb2 Kb5 42. Rd4 Ka4 43. Rc2 Ka3 44. Rd3+ Ka4 45. Rd4 Kb5 46. Rb2
Kb6 47. a3 Kc5 48. Rc2+ Kb5 49. axb4 axb4 50. Rcc4 Ka5 51. Rxb4 Rxd5+ 52. Rxd5+
Rxd5+ 53. Kxd5 Kxb4 54. Ke5 Kc4 55. Kf6 Kd4 56. Kg7 Ke4 57. Kxh7 g5 58. g4 Kf4
59. Kg6 1-0

[Event "Ì15Ï"]
[Site "Loo"]
[Date "2017.04.23"]
[Round "4.44"]
[White "Ìèêèåâ, Êëèì."]
[Black "Êóìàêîâ, Èâàí."]
[Result "1/2-1/2"]
[WhiteElo "1511"]
[BlackElo "1783"]
[PlyCount "80"]
[EventDate "2017.04.20"]

1. d4 d5 2. Nf3 Nc6 3. c4 Bg4 4. e3 Nf6 5. a3 e6 6. Nc3 Ne4 7. cxd5 Nxc3 8.
bxc3 exd5 9. Bd3 Qf6 10. e4 dxe4 11. Bxe4 Bd6 12. O-O O-O 13. Qd3 h6 14. Nd2
Qe7 15. Re1 Kh8 16. Bb2 Qg5 17. Nc4 f5 18. Nxd6 cxd6 19. Bf3 Rae8 20. c4 Na5
21. Bxg4 fxg4 22. d5 Qf4 23. Bd4 Kg8 24. c5 Nb3 25. Rxe8 Rxe8 26. Qxb3 Qxd4 27.
Rc1 Qxc5 28. Rd1 Re2 29. Rf1 b6 30. Qd3 Rc2 31. Qe4 Rc4 32. Qe6+ Kh8 33. Qe8+
Kh7 34. Qf7 Qxa3 35. Qf5+ Kg8 36. Re1 Rc1 37. Qe6+ Kh8 38. Qe8+ Kh7 39. Qe4+
Kh8 40. Qe8+ Kh7 1/2-1/2

[Event "Ì15Ï"]
[Site "Loo"]
[Date "2017.04.23"]
[Round "4.45"]
[White "Öàðüêîâ, Ìèõàèë."]
[Black "Êëûêîâ, Ãåîðãèé."]
[Result "1-0"]
[WhiteElo "1471"]
[BlackElo "1737"]
[PlyCount "82"]
[EventDate "2017.04.20"]

1. e4 c5 2. Nf3 g6 3. d4 cxd4 4. Nxd4 Bg7 5. Nc3 Nc6 6. Be3 Nf6 7. f3 O-O 8.
Qd2 d5 9. Nxc6 bxc6 10. e5 Ne8 11. f4 f6 12. exf6 Nxf6 13. Be2 Bf5 14. O-O Ne4
15. Nxe4 Bxe4 16. c3 Qc7 17. Bg4 h5 18. Be6+ Kh7 19. Rf2 Bf5 20. Bxf5 Rxf5 21.
Raf1 Raf8 22. Bd4 c5 23. Bxg7 Kxg7 24. Qe3 Qd6 25. g3 d4 26. cxd4 Qxd4 27.
Qxe7+ R8f7 28. Qe2 Rd5 29. Qc2 Re7 30. Rc1 Qb4 31. Qc3+ Qxc3 32. Rxc3 Re1+ 33.
Kg2 Red1 34. Kh3 Kf6 35. Rfc2 Ra1 36. Ra3 Rd7 37. Rxc5 Rb7 38. Ra6+ Kf7 39. b3
Rd7 40. Rcc6 Rd2 41. Rxa7+ Ke8 1-0

[Event "Ì15Ï"]
[Site "Loo"]
[Date "2017.04.23"]
[Round "4.46"]
[White "Âîëîäèí, Àíäðåé."]
[Black "Ïîíòèñ, Ñòàíèñëàâ."]
[Result "0-1"]
[WhiteElo "1467"]
[BlackElo "1693"]
[PlyCount "76"]
[EventDate "2017.04.20"]

1. e4 c5 2. Nf3 Nc6 3. d4 cxd4 4. Nxd4 e5 5. Nb5 a6 6. Nd6+ Bxd6 7. Qxd6 Qe7 8.
Qxe7+ Ngxe7 9. Nc3 d5 10. Nxd5 Nxd5 11. exd5 Nb4 12. Kd1 Bf5 13. Bd2 Nxc2 14.
Rc1 Rc8 15. Bc3 b5 16. a3 Nd4 17. Bxd4 Rxc1+ 18. Kxc1 exd4 19. f3 Kd7 20. Kd2
Kd6 21. g4 Bg6 22. Bd3 Re8 23. Rc1 Bxd3 24. Kxd3 Kxd5 25. Rf1 Re3+ 26. Kd2 Ke5
27. f4+ Ke4 28. f5 d3 29. Rf2 Re2+ 30. Rxe2+ dxe2 31. Kxe2 Kf4 32. h3 Kg3 33.
Ke3 Kxh3 34. Kf3 f6 35. b4 Kh4 36. Kf4 g5+ 37. fxg6 hxg6 38. Kf3 g5 0-1

[Event "Ì15Ï"]
[Site "Loo"]
[Date "2017.04.23"]
[Round "4.47"]
[White "Êëþñ, Íèêèòà."]
[Black "Åñèïîâ, Ãåííàäèé."]
[Result "0-1"]
[WhiteElo "1384"]
[BlackElo "1675"]
[PlyCount "99"]
[EventDate "2017.04.20"]

1. e4 Nf6 2. e5 Nd5 3. d4 d6 4. f4 g6 5. Nf3 Bg4 6. h3 Bxf3 7. Qxf3 c6 8. c4
Nb6 9. Be3 d5 10. Nd2 e6 11. Be2 Bg7 12. O-O Nc8 13. Qg3 O-O 14. f5 exf5 15.
Rxf5 Ne7 16. Rf2 Na6 17. a3 Nc7 18. Raf1 Nf5 19. Qf3 Ne6 20. Nb3 Qb6 21. cxd5
cxd5 22. g4 Nfxd4 23. Nxd4 Nxd4 24. Qxd5 Rad8 25. Bxd4 Qxd4 26. Qxb7 Rb8 27.
Qe7 Rxb2 28. Kh1 Qxe5 29. Qxe5 Bxe5 30. Bc4 Rxf2 31. Rxf2 Kg7 32. Kg2 f6 33.
Rd2 a5 34. Rd7+ Kh6 35. Ra7 Bc3 36. a4 Rh8 37. h4 Be1 38. Kh3 Rc8 39. Re7 Rxc4
40. Rxe1 Rxa4 41. Re6 Kg7 42. Re7+ Kg8 43. Ra7 Ra1 44. h5 a4 45. h6 Rh1+ 46.
Kg2 Rxh6 47. Rxa4 Rh4 48. Kg3 Rh1 49. Kf4 Kg7 50. g5 0-1

[Event "Ì15Ï"]
[Site "Loo"]
[Date "2017.04.23"]
[Round "4.48"]
[White "Ïðèøèáèëîâè÷, Ìàòâåé."]
[Black "Òèòîâè÷, Ìèõàèë."]
[Result "1/2-1/2"]
[WhiteElo "1664"]
[BlackElo "1440"]
[PlyCount "73"]
[EventDate "2017.04.20"]

1. d4 e6 2. c4 b6 3. Nc3 Bb4 4. Bd2 Bb7 5. e3 f5 6. Nf3 Nf6 7. a3 Bxc3 8. Bxc3
O-O 9. Be2 d6 10. O-O Nbd7 11. b4 Ne4 12. Qc2 Nxc3 13. Qxc3 c5 14. Rfd1 Qe7 15.
a4 Nf6 16. a5 Rac8 17. axb6 axb6 18. dxc5 dxc5 19. b5 Rfd8 20. h3 Rxd1+ 21.
Bxd1 Ra8 22. Rxa8+ Bxa8 23. Qe5 Nd7 24. Qc7 Kf7 25. Qa7 Bxf3 26. Bxf3 Ne5 27.
Qxe7+ Kxe7 28. Be2 Kd6 29. f4 Nf7 30. Kf2 Ke7 31. g4 Nd6 32. Bd3 g6 33. g5 Ne4+
34. Ke2 Kd7 35. Kf3 Ke7 36. Ke2 Kf7 37. Kf3 1/2-1/2

[Event "Ì15Ï"]
[Site "Loo"]
[Date "2017.04.23"]
[Round "4.49"]
[White "Æóê, Êèðèëë."]
[Black "Îíèùåíêî, Ãåííàäèé."]
[Result "1-0"]
[WhiteElo "1641"]
[BlackElo "1451"]
[PlyCount "83"]
[EventDate "2017.04.20"]

1. e4 e5 2. Nf3 Nc6 3. Bc4 Nf6 4. d3 Bc5 5. c3 d6 6. O-O Bg4 7. h3 Bh5 8. Nbd2
a6 9. Bb3 O-O 10. Re1 h6 11. Nf1 Na5 12. Bc2 Ba7 13. Ng3 Bg6 14. Be3 Bxe3 15.
Rxe3 Nc6 16. Nh4 Bh7 17. Nhf5 Ne7 18. Qf3 Qd7 19. Nxh6+ gxh6 20. Qxf6 Bg6 21.
h4 Qe6 22. Qxe6 fxe6 23. Bb3 Bf7 24. d4 exd4 25. cxd4 Ng6 26. h5 Nf4 27. e5
Rae8 28. Ne4 Nxh5 29. exd6 cxd6 30. Nxd6 Re7 31. Nf5 Rd7 32. Nxh6+ Kg7 33. Nxf7
Rdxf7 34. f3 Rd7 35. Rxe6 Rxd4 36. Ree1 Rd2 37. Rad1 Rxb2 38. Rd7+ Kh6 39. Re6+
Kg5 40. Rd5+ Kh4 41. Rh6 Kg3 42. Rg5+ 1-0